| 000 | 00498nam a22001697a 4500 | ||
|---|---|---|---|
| 005 | 20231107082844.0 | ||
| 008 | 231107b |||||||| |||| 00| 0 eng d | ||
| 020 | _a421123206 | ||
| 041 | _aEnglish | ||
| 082 | _a346.47 BAX | ||
| 100 |
_aBaxter, JW _lEnglish |
||
| 245 |
_aWorld Patent Law and Practice / _cJW Baxter |
||
| 260 |
_aLondon : _bSweet and Maxwell, _c1968 |
||
| 300 |
_bxiv, 363 pages ; _c26 cm. |
||
| 650 |
_aLegal practice _bLaw |
||
| 942 |
_cBK _6ALISON_BN_VRIES |
||
| 999 |
_c353 _d353 |
||